Catálogo público

Estudio de factibilidad técnico-económica para la instalación de un rastro y empacadora de conejo (Oryctolagus cuniculus), en el municipio de Ocozocoautla de Espinosa, Chiapas / (Record no. 174444)

MARC details
000 -CABECERA
campo de control de longitud fija 05516nam a2200541Ia 4500
001 - NÚMERO DE CONTROL
campo de control dia_3840
003 - IDENTIFICADOR DEL NÚMERO DE CONTROL
campo de control CHAP
005 - FECHA Y HORA DE LA ÚLTIMA TRANSACCIÓN
campo de control 20241211182256.0
007 - CAMPO FIJO DE DESCRIPCIÓN FÍSICA--INFORMACIÓN GENERAL
campo de control de longitud fija ta
008 - DATOS DE LONGITUD FIJA--INFORMACIÓN GENERAL
campo de control de longitud fija 220117s2007 mx abdefrm 001 0 spa d
010 ## - NÚMERO DE CONTROL DE LA BIBLIOTECA DEL CONGRESO
Número de control de LC 174444
040 ## - FUENTE DE LA CATALOGACIÓN
Centro/agencia transcriptor CHAP
Centro catalogador/agencia de origen mxchpua
Normas de descripción rda
041 0# - CÓDIGO DE LENGUA
Código de lengua del texto/banda sonora o título independiente spa
Código de lengua del sumario o resumen eng
090 ## - LOCALMENTE ASIGNADO TIPO-LC NÚMERO DE CLASIFICACIÓN (OCLC); NÚMERO DE CLASIFICACIÓN LOCAL (RLIN)
Número de clasificación (OCLC) (R) ; Numero de clasificación, CALL (RLIN) (NR) Tesis
Número cutter local (OCLC) ; Número de libro/Signatura topográfica íntegra, CALL (RLIN) C36
año 2007
100 1# - ENTRADA PRINCIPAL--NOMBRE DE PERSONA
Nombre de persona Campos Barranco, Sandra Esmeralda
240 10 - TÍTULO UNIFORME
Título uniforme Technical and economical feasibility study for the installation of a rabbit (Oryctolagus cuniculus) livestock, slaughterhouse, butchering and packing industry, in the town of Ocozocoautla de Espinosa, Chiapas.
Lenguaje de la obra Español
245 10 - MENCIÓN DE TÍTULO
Título Estudio de factibilidad técnico-económica para la instalación de un rastro y empacadora de conejo (Oryctolagus cuniculus), en el municipio de Ocozocoautla de Espinosa, Chiapas /
Mención de responsabilidad, etc. Sandra Esmeralda Campos Barranco
264 ## - PRODUCCIÓN, PUBLICACIÓN, DISTRIBUCIÓN, FABRICACIÓN Y COPYRIGHT
Producción, publicación, distribución, fabricación y copyright Chapingo, México :
Nombre del de productor, editor, distribuidor, fabricante El autor,
Fecha de producción, publicación, distribución, fabricación o copyright 2007
300 ## - DESCRIPCIÓN FÍSICA
Extensión iv, 97 hojas :
Otras características físicas ilustraciones, mapas, gráficas, diagramas, tablas, fotos, planos
336 ## - TIPO DE CONTENIDO
Fuente rdacontent
Término de tipo de contenido texto
Código de tipo de contenido txt
337 ## - TIPO DE MEDIO
Fuente rdamedia
Nombre/término del tipo de medio no mediado
Código del tipo de medio n
338 ## - TIPO DE SOPORTE
Fuente rdacarrier
Nombre/término del tipo de soporte volumen
Código del tipo de soporte nc
500 ## - NOTA GENERAL
Nota general Los planos están incluidos en el reporte
502 ## - NOTA DE TESIS
Nota de tesis Formulación o Evaluación de Proyectos
Tipo de título (Ingeniero Agroindustrial) --
Nombre de la institución que otorga el título UACh. Departamento de Ingeniería Agroindustrial,
Año de obtención del título 2007
504 ## - NOTA DE BIBLIOGRAFÍA, ETC.
Nota de bibliografía, etc. Bibliografía: hojas 83-86
505 0# - NOTA DE CONTENIDO CON FORMATO
Nota de contenido con formato 3 planos <br/>1. Plano de Distribución de áreas <br/>2. Plano de Distribución de equipo <br/>3. Plano de Fachada principal y corte longitudinal
520 3# - SUMARIO, ETC.
Sumario, etc. México requiere impulsar la producción de carne de conejo para ayudar a los productores a mejorar sus niveles de ingreso y desarrollo. En la situación económica por la que atraviesa el país, resulta prioritario invertir un esfuerzo para generar empleos que garanticen ingresos a las familias campesinas, como es el caso de Ocozocoautla de Espinosa Chiapas. El presente proyecto surgió con el propósito de ofrecer la carne de conejo en un empaque de polietileno al alto vació con la finalidad de comercializar el producto en tiendas de supermercados como Soriana y Chedraui en Tuxtla Gutiérrez, así como en restaurantes de la región. El producto que se ofrecerá cumple con las características establecidas por las normas relacionadas con el producto; aunque su mercado es reducido por lo que se debe desarrollar y ampliar mediante la promoción. Para el proyecto se determinó una inversión de $ 1,698,840.68 y tras realizar la evaluación económica los indicadores obtenidos tanto el VAN como la TIR son favorables siendo de $ 322,702 y 34.88% para la empresa y de $ 546,832 y 42.93% para el proyecto. La relación B/C es de 1.55 y el periodo de recuperación de la inversión es de tres años. Se determinó en el análisis de sensibilidad que el proyecto tiene cierta flexibilidad lo que permitiría afrontar determinadas situaciones desfavorables que afectan su rentabilidad. Finalmente se concluye que la instalación y puesta en marcha de este proyecto es factible técnica, económica y socialmente. --
520 3# - SUMARIO, ETC.
Sumario, etc. Mexico requires to promote the rabbit meat production that allows the producers to improve their income and development levels. In the economical situation that the country is living, it results very important to invest an effort in generating employments that guarantee better incoming levels to the peasant families, like those that live in Ocozocoautla de Espinosa, Chiapas. The present project appeared with the purpose of offering rabbit meat in a polyethylene pack at a high vacuum with the objective of commercializing the product in supermarket stores as Soriana and Chedraui in Tuxtla Gutierrez and also in some restaurants of the region. The product that will be offered satisfy the characteristics that are established by the norms related to the product. The market of the product is reduced, so it may be developed and wide opened by means of its promotion. It was determined an investment of $1,698,840.68 and after making the economical evaluation, the indicators obtained, both the internal rate of return (IRT) and the net present value (NPV), were favorable, being of $322,702 and 34.88% respectively for the enterprise and of $546,832 and 42.93% for the project. The benefit/cost relationship is of 1.55 and the period to recover the investment is of three years. In the sensibility analysis, it was determined that the project has certain flexibility that allows it to face determinate unfavorable situations that may affect its profitability. Finally, it is concluded that the installation and implementation of this project is technical, economical and socially feasible.
650 13 - PUNTO DE ACCESO ADICIONAL DE MATERIA--TÉRMINO DE MATERIA
Término de materia o nombre geográfico como elemento de entrada Carne de conejo
Fuente del encabezamiento o término atg
650 13 - PUNTO DE ACCESO ADICIONAL DE MATERIA--TÉRMINO DE MATERIA
Término de materia o nombre geográfico como elemento de entrada Iniciativa empresarial
Subdivisión geográfica México
-- Chiapas
Fuente del encabezamiento o término atg
650 13 - PUNTO DE ACCESO ADICIONAL DE MATERIA--TÉRMINO DE MATERIA
Término de materia o nombre geográfico como elemento de entrada Mataderos
Fuente del encabezamiento o término atg
650 13 - PUNTO DE ACCESO ADICIONAL DE MATERIA--TÉRMINO DE MATERIA
Término de materia o nombre geográfico como elemento de entrada Plantas empacadoras de carne
Fuente del encabezamiento o término atg
650 13 - PUNTO DE ACCESO ADICIONAL DE MATERIA--TÉRMINO DE MATERIA
Término de materia o nombre geográfico como elemento de entrada Meat packing plants
Fuente del encabezamiento o término atg
650 13 - PUNTO DE ACCESO ADICIONAL DE MATERIA--TÉRMINO DE MATERIA
Término de materia o nombre geográfico como elemento de entrada Entrepreneurship
Subdivisión geográfica Mexico
-- Chiapas
Fuente del encabezamiento o término atg
650 13 - PUNTO DE ACCESO ADICIONAL DE MATERIA--TÉRMINO DE MATERIA
Término de materia o nombre geográfico como elemento de entrada Rabbit meat
Fuente del encabezamiento o término atg
650 13 - PUNTO DE ACCESO ADICIONAL DE MATERIA--TÉRMINO DE MATERIA
Término de materia o nombre geográfico como elemento de entrada Slaughterhouses
Fuente del encabezamiento o término atg
700 1# - PUNTO DE ACCESO ADICIONAL--NOMBRE DE PERSONA
Nombre de persona Ponce Hernández, Pedro
Término indicativo de función/relación director
700 1# - PUNTO DE ACCESO ADICIONAL--NOMBRE DE PERSONA
Nombre de persona Mejenes Quijano, Amilcar Renán
Término indicativo de función/relación asesor
700 1# - PUNTO DE ACCESO ADICIONAL--NOMBRE DE PERSONA
Nombre de persona Villegas de Gante, Abraham Zacarias
Término indicativo de función/relación asesor
856 42 - LOCALIZACIÓN Y ACCESO ELECTRÓNICOS
Identificador Uniforme del Recurso <a href="http://10.13.5.2/tesis/105406.pdf">http://10.13.5.2/tesis/105406.pdf</a>
Texto de enlace DESCARGAR PDF
901 ## - ELEMENTOS DE DATOS A LOCAL LDA (RLIN)
a TESIS C36 2007
942 ## - ELEMENTOS DE PUNTO DE ACCESO ADICIONAL (KOHA)
Tipo de ítem Koha TESIS
Fuente del sistema de clasificación o colocación Clasificación Universidad Autónoma Chapingo
902 ## - ELEMENTOS DE DATOS B LOCAL, LDB (RLIN)
a M
905 ## - ELEMENTOS DE DATOS E LOCAL, LDE (RLIN)
a 5232272007 mx nm 8223123322spa16
Holdings
Estado de retiro Estado de pérdida Fuente del sistema de clasificación o colocación Estado dañado Restricciones de uso No para préstamo Código de colección Localización permanente Ubicación/localización actual Fecha de adquisición Fuente de adquisición Total de préstamos Signatura topográfica completa Código de barras Fecha visto por última vez Fecha del último préstamo Número de copia Tipo de ítem Koha Ubicación en estantería Precio válido a partir de
    Clasificación Universidad Autónoma de Chapingo   Préstamo 5 días   Tesis Ingenieria Agroindustrial Ingenieria Agroindustrial 18/01/2022 El autor 2 Tesis C36 2007 1101010810 02/03/2026 27/02/2026 Ej. 2 Tesis    
    Clasificación Universidad Autónoma de Chapingo   Préstamo interno   Tesis Ingenieria Agroindustrial Ingenieria Agroindustrial 18/01/2022 El autor   Tesis C36 2007 1101010809 02/02/2026   Ej. 1 Tesis    
    Clasificación Universidad Autónoma de Chapingo       Tesis digitales de Licenciatura Ingenieria Agroindustrial Ingenieria Agroindustrial 11/12/2024 El autor     1201010809 11/12/2024     Tesis digital En línea 11/12/2024